000 00347 a2200169 4500
001 190728
020 _a
040 _cMagnum
100 _aBadaró, Murilo Paulino
240 1 0 _aRondó solitário
_lpor
245 1 0 _aRondó solitário
300 _a310
362 0 _a2006
440 1 _aSografe
697 _aLITERATURA GERAL
942 _cBK
999 _c190728
_d190728